00660nam a2200217Ia 4500008004100000020001800041050002200059050001700081100002800098245001900126245012000145245002700265260001600292260002600308260000900334300001500343300001100358300001100369440002300380650003900403160901s9999 xx 000 0 und d a1-84557-340-4 aComSc TK 5105.875 b.I57M56 2005 aSingh Minhas, Davinder. 4aThe Internet / bthe easiest way to learn about the internet, world wide web, web browser, newsgroups, chatting and search engines / cDavinder Singh Minhas. aNew Delhi : bNew Dawn Press Group, c2005 a40 pages : bill. ; c28 cm. aDrag & drop series aInernet -- Handbook, manuals, etc.